Loading...
Four colour theorems: history topological foundations and idea of proof/
| Main Author: | |
|---|---|
| Other Authors: | |
| Format: | Printed Book |
| Language: | English |
| Published: |
spinger,
1998.
|
| LEADER | 00460nam a2200121Ia 4500 | ||
|---|---|---|---|
| 008 | 120707s9999 xx 000 0 eng d | ||
| 100 | |a Fritsch, Rudolf, | ||
| 245 | 0 | |a Four colour theorems: history topological foundations and idea of proof/ | |
| 260 | |b spinger, |c 1998. | ||
| 700 | 1 | |a Fritsch. | |
| 942 | |c BK | ||
| 999 | |c 133153 |d 133153 | ||
| 952 | |0 0 |1 0 |4 0 |6 01_000000000000000_FRI |7 0 |9 147415 |a MAT |b MAT |c ST1 |d 2012-07-10 |i 3961 |l 2 |o 01 FRI |p MAT3961 |r 2019-07-18 |s 2018-08-21 |w 2012-07-10 |y BK | ||